000
00213nam a2200109Ia 4500
100
_a
CHARLES/SMITH
942
_c
BK
245
_a
FIFTY YEARS WITH MOUNTBATEN.
260
_b
#N/A
546
_a
ENGLISH
999
_c
23536
_d
23536